00618nam a2200193Ia 4500008004100000100001800041245009300059260001100152300002100163440002600184521000900210650003100219650001900250650002300269650002200292942000700314999001900321952008400340140626s9999 xx 000 0 und d aShao, Ruodan. aEmployee justice across cultures :b a meta-analytic review /cRuodan Shao ... [et al.]. cc2013. a39 : 1, page 263 aJournal of Management aBSBA aCross-cultural management. aMeta-analysis. aMultifoci justice. aNational culture. cSE c121011d121011 001040aCLbCLcPERd2014-06-26l0pS0119r2014-06-26 00:00:00w2014-06-26ySE